LIBRARY & INFORMATION CENTRE, KCAET, TAVANUR

ONLINE PUBLIC ACCESS CATALOGUE (OPAC)

Principles and practices of public finance / (Record no. 11899)

MARC details
000 -LEADER
fixed length control field 00365cam a2200145ua 4500
041 ## - LANGUAGE CODE
Language code of text/sound track or separate title eng
082 ## - DEWEY DECIMAL CLASSIFICATION NUMBER
Classification number 336
Item number VAS/PR
100 ## - MAIN ENTRY--AUTHOR NAME
Personal name Vasudevan, K .
245 ## - TITLE STATEMENT
Title Principles and practices of public finance /
260 ## - PUBLICATION, DISTRIBUTION, ETC. (IMPRINT)
Place of publication :
Name of publisher Viswanathan ,
Year of publication 1959.
300 ## - PHYSICAL DESCRIPTION
Number of Pages 248 ;
Accompanying material `.
942 ## - ADDED ENTRY ELEMENTS (KOHA)
Koha item type Books
Holdings
Withdrawn status Lost status Damaged status Home library Current library Date acquired Cost, normal purchase price Full call number Accession Number Koha item type Public note
Withdrawn     KAUAET Sanskrit University 07/04/2012 6.50 336 7415 Books Transferred to Sanskrit University
free website counter